000 00554cam a22002053a 4500
001 40318
003 PGUSA
005 20140828083912.0
008 120725s2012||||xxu|||||s|||||000 | eng d
040 _aPGUSA
_beng
042 _adc
100 1 _aThom, Charles
245 1 4 _aThe Book of Cheese
_h[electronic resource] /
_cCharles Thom
260 _bProject Gutenberg,
_c2012
506 _aPublic domain in the USA.
516 _aElectronic text
830 0 _aProject Gutenberg
_v40318
856 4 0 _uhttp://www.gutenberg.org/ebooks/40318
942 _cEB
999 _c269571
_d269571